000 01427aam a2200325 4500
001 18497
003 CO-MdFUSB
005 20170505082557.0
008 170504t19941993sp ||||f |||| 00| 0 spa d
020 _a84-487-0140-2
040 _aCO-MdFUSB
_bspa
_cCO-MdFUSB
_dCO-MdFUSBC
_erda
041 _aspa
082 0 4 _a24
_2R 109
_bG752g Vol. 21
100 1 _aNewton, Isaac
_eautor
245 1 0 _aGrandes obras del pensamiento
_b: Principios matemáticos
_c/ Isaac Newton ; traducido por Antonio Escohotado, M. sáenz de Heredia
264 1 _aBarcelona, España :
_bTecnos, Altaya
_c℗[1994]
264 4 _c©1993
300 _a621 pág.
_b:
_c;
336 _2rdacontent
_a1
_ba1
337 _2rdamedia
_a2
_b5
338 _2rdacarrier
_a2
_b5
490 _aGrandes Obras del Pensamiento
500 _aTítulo original: Philosophiae naturalis principia mathematica (1687)
505 0 0 _aPrincipios matemáticos de la filosofía natural: el movimiento de los cuerpos, el movimiento de los cuerpos en medios resistentes, sistema del mundo
563 _aPasta dura
650 1 4 _aMatemáticas - filosofía \ Mecánica -- Obras anteriores a 1800 \ Mecánica celeste -- Obras anteriores a 1800 \ Mecanica, Elasticidad - E Reologia. \ Filosofía -- Matemáticas \ Filosofía renacentista \ Matemáticas.
650 7 _aFilosofía antigua
_9168
700 1 _aEscohotado, Antonio\ Herrera, M. Sáenz de ; Traductores
942 _cREF
999 _c44923
_d44923